Geography Quiz

Random Geography or World Quiz

Largest Islands Quiz Stats

 Plays Quiz Updated Jun 5, 2018

Challenge
Share
Tweet
Embed
Score 0/25 Timer 07:00
6 Plays Today
Rank Island % Correct
1.Greenland
86.5%
4.Madagascar
81.9%
18.Iceland
72.6%
17.Cuba
69.1%
20.Ireland
62.4%
25.Sri Lanka
56.7%
9.Great Britain
53.2%
2.New Guinea
45.3%
3.Borneo
41.2%
13.Java
40.3%
14.North Island
39.3%
12.South Island
39.2%
7.Honshu
37.7%
Rank Island % Correct
6.Sumatra
34.9%
5.Baffin Island
32.5%
21.Hokkaido
31.4%
22.Hispaniola
29.3%
16.Newfoundland
21.8%
15.Luzon
21.2%
11.Sulawesi
20.4%
8.Victoria Island
19.3%
10.Ellesmere Island
17.5%
19.Mindanao
15.1%
23.Sakhalin
13.5%
24.Banks Island
9.5%

You're not logged in!

Compare scores with friends on all Sporcle quizzes.
OR
Log In

You Might Also Like...

Show Comments

Extras

Top Quizzes Today


Score Distribution

Your Account Isn't Verified!

In order to create a playlist on Sporcle, you need to verify the email address you used during registration. Go to your Sporcle Settings to finish the process.

Report this User

Report this user for behavior that violates our Community Guidelines.

Details: